000 00825nam a2200181Ia 4500
008 151202s9999||||xx |||||||||||||| ||und||
082 _bPNVM-57057
100 _aमंगेशकर गीता आणि बांदोडकर गौरी.
245 _aअंधारातून प्रकाशाकडे.
260 _bबांदोडकर पब्लिशिंग हाउस गोवा.
260 _c1994
300 _a472
600 _aमंगेशकर गीता आणि बांदोडकर गौरी.
630 _aअंधारातून प्रकाशाकडे.
700 _aमंगेशकर गीता आणि बांदोडकर गौरी.
730 _aअंधारातून प्रकाशाकडे.
942 _cBOOK
999 _c1323595
_d1323592